000 00626nam a2200193Ia 4500
003 GCL
008 140319s9999 xx 000 0 ara d
020 _a11280851
040 _aGCL /
_cGCL
082 0 4 _aد
_b050
_bم ا
245 1 0 _aالاسلام اليوم
260 _aالمغرب :
_bالمنظمة الاسلامية للتربية والعلوم والثقافة ،
_c2005
650 0 4 _aالثقافة الاسلامية
650 0 4 _aالفرق الاسلامية
650 0 4 _aالاسلام - تاريخ
650 0 4 _aالخطابة الدينية
650 0 4 _aالاسلام والغرب
942 _2ddc
_cCR
999 _c7538
_d7538